Coupe du monde de rugby 2003 - Statistiques

Statistiques générales
  • Ce quiz a été pris 155 fois
  • Le résultat moyen est 19 sur 20
Statistiques - réponses
Réponse % Correct
Angleterre
100%
France
100%
Nouvelle-Zélande
99%
Afrique du Sud
98%
Argentine
98%
Australie
98%
Ecosse
98%
Fidji
98%
Irlande
98%
Pays de Galles
98%
Japon
97%
Tonga
97%
Etats-Unis
96%
Italie
96%
Samoa
96%
Canada
95%
Roumanie
90%
Namibie
87%
Géorgie
86%
Uruguay
78%
Aucun quiz correspondant
Distribution des résultats
% des personnes avec chaque résultat
Percentile par nombre de réponses
Votre historique - résultats
Vous n’avez pas pris ce quiz